| 000 | 00870nam a2200217 u 4500 | ||
|---|---|---|---|
| 005 | 20240924063857.0 | ||
| 008 | 091027s2005 es r 000 0 spa d | ||
| 020 | _a8420544272 | ||
| 035 | _aUPN01000173479 | ||
| 049 | _aCG | ||
| 050 | 4 |
_aLC1099 _bI5.9 |
|
| 245 | 0 | 0 |
_aInterculturalidad, formación del profesorado y educación / _ccoord. Antonio Medina Rivilla. |
| 260 |
_aMadrid : _bPearson Educación, _c2005. |
||
| 300 |
_a109 p. + _b1 CD-ROM 4 3/4 plg. |
||
| 500 | _aEl CD-ROM incluye "casi 100 ponencias presentadas al Congreso Internacional sobre interculturalidad, Formación y Profesorado, celebrado en la UNED en el año 2004" | ||
| 500 | _aSolicita el CD-ROM en el Mostrador de Préstamo | ||
| 650 | 4 |
_aEducación multicultural _91565 |
|
| 650 | 4 |
_aEducación intercultural _94812 |
|
| 700 | 1 |
_aMedina Rivilla, Antonio, _ecoord. _929279 |
|
| 905 | _aLibro | ||
| 999 |
_c145583 _d145583 |
||